[Event "Bialystok-ch U20"]
[Site "Bialystok"]
[Date "2012.??.??"]
[Round "1"]
[White "Gorbacz, Filip"]
[Black "Borawski, Jakub"]
[Result "0-1"]
[WhiteElo "1691"]
[BlackElo "1921"]
[PlyCount "84"]
[EventDate "2012.02.??"]
[EventType "tourn"]
[EventRounds "9"]
[EventCountry "POL"]
[SourceTitle "EXT 2014"]
[Source "ChessBase"]
[SourceDate "2013.11.20"]
[SourceVersion "1"]
[SourceVersionDate "2013.11.20"]
[SourceQuality "1"]

1. e4 e5 2. Nf3 Nc6 3. Nc3 Nf6 4. Bc4 Nxe4 5. Nxe4 d5 6. Bxd5 Qxd5 7. Nc3 Qd8 8. h3 Bc5 9. a3 a5 10. d3 0-0 11. Be3 Bd4 12. 0-0 Ra6 13. Bxd4 exd4 14. Ne4 Qd5 15. Re1 Rb6 16. b3 Ne7 17. Ng3 Ng6 18. Nd2 Nh4 19. Re4 Rh6 20. Nf3 Nxf3+ 21. Qxf3 f5 22. Rf4 Qc5 23. Ne2 Rd6 24. h4 Qxc2 25. Rc1 Qxb3 26. Rxd4 Qxa3 27. Rc3 Qa1+ 28. Rc1 Qxc1+ 29. Nxc1 Rxd4 30. Nb3 Rxh4 31. Qd5+ Kh8 32. Nxa5 c6 33. Qb3 Re8 34. f3 Rd4 35. Nxb7 Bxb7 36. Qxb7 Rxd3 37. Qxc6 Red8 38. Kh2 f4 39. Qe4 R3d4 40. Qf5 h6 41. g3 fxg3+ 42. Kxg3 R4d6 0-1

[Event "Bialystok-ch U20"]
[Site "Bialystok"]
[Date "2012.??.??"]
[Round "5"]
[White "Gorbacz, Filip"]
[Black "Kozaczynska, Aleksandra"]
[Result "1-0"]
[WhiteElo "1691"]
[BlackElo "1541"]
[PlyCount "97"]
[EventDate "2012.02.??"]
[EventType "tourn"]
[EventRounds "9"]
[EventCountry "POL"]
[SourceTitle "EXT 2014"]
[Source "ChessBase"]
[SourceDate "2013.11.20"]
[SourceVersion "1"]
[SourceVersionDate "2013.11.20"]
[SourceQuality "1"]

1. e4 c5 2. Nf3 d6 3. d4 cxd4 4. Nxd4 Nf6 5. Nc3 g6 6. f4 Nc6 7. Nf3 Bg7 8. Bd3 0-0 9. 0-0 a6 10. a4 b6 11. Qe1 Bb7 12. Qh4 Nb4 13. Bd2 Nxd3 14. cxd3 Re8 15. e5 Bxf3 16. Rxf3 Nd7 17. Rh3 Nf8 18. Re1 e6 19. Qf2 d5 20. d4 Nd7 21. g4 f5 22. gxf5 gxf5 23. Kh1 Kh8 24. Rg1 Rg8 25. Rhg3 Qe7 26. Qg2 Qf7 27. Qh3 Qe7 28. Rg5 Qf7 29. Ne2 Ra7 30. Ng3 Bf8 31. Rxg8+ Qxg8 32. Nxf5 Qf7 33. Nh4 Bg7 34. Nf3 Nf8 35. Ng5 Qg6 36. Bb4 Ra8 37. Bxf8 Rxf8 38. Nxe6 Qe4+ 39. Qg2 Qxg2+ 40. Rxg2 Rf7 41. Rxg7 Rxg7 42. Nxg7 Kxg7 43. f5 Kf7 44. Kg2 Kg7 45. Kf3 Kh6 46. e6 Kg7 47. e7 Kf7 48. f6 Ke8 49. Kf4 1-0

[Event "Bialystok Bieluczyk Memorial-B"]
[Site "Bialystok"]
[Date "2011.07.??"]
[Round "2"]
[White "Gorbacz, Filip"]
[Black "Kostyra, Stanislaw"]
[Result "0-1"]
[WhiteElo "1668"]
[BlackElo "2328"]
[PlyCount "70"]
[EventDate "2011.07.??"]
[EventType "swiss"]
[EventRounds "9"]
[EventCountry "POL"]
[SourceTitle "EXT 2014"]
[Source "ChessBase"]
[SourceDate "2013.11.20"]
[SourceVersion "1"]
[SourceVersionDate "2013.11.20"]
[SourceQuality "1"]

1. e4 c5 2. Nf3 e6 3. d4 cxd4 4. Nxd4 Nf6 5. Bd3 a6 6. 0-0 d6 7. Ne2 Nbd7 8. Nbc3 b5 9. a3 Bb7 10. f3 Qb6+ 11. Kh1 Be7 12. Bf4 Rc8 13. Qe1 Ne5 14. Bxe5 dxe5 15. Qg3 0-0 16. Qxe5 Bd6 17. Qg5 Rc5 18. Qe3 Qc7 19. f4 e5 20. f5 Qe7 21. Qg5 Rfc8 22. Rae1 R5c7 23. Rf3 h6 24. Qh4 b4 25. axb4 Bxb4 26. Ra1 a5 27. Nb5 Rxc2 28. Bxc2 Rxc2 29. Nec3 Rxb2 30. Rc1 Qc5 31. Rff1 Rd2 32. Nb1 Qxb5 33. Nxd2 Bxd2 34. Rb1 Bb4 35. Rbd1 Bxe4 0-1

[Event "Bialystok Bieluczyk Memorial-B"]
[Site "Bialystok"]
[Date "2011.07.??"]
[Round "3"]
[White "Kozaczynska, Aleksandra"]
[Black "Gorbacz, Filip"]
[Result "0-1"]
[WhiteElo "1501"]
[BlackElo "1668"]
[PlyCount "164"]
[EventDate "2011.07.??"]
[EventType "swiss"]
[EventRounds "9"]
[EventCountry "POL"]
[SourceTitle "EXT 2014"]
[Source "ChessBase"]
[SourceDate "2013.11.20"]
[SourceVersion "1"]
[SourceVersionDate "2013.11.20"]
[SourceQuality "1"]

1. e4 c5 2. Nf3 d6 3. d4 cxd4 4. Nxd4 Nf6 5. Nc3 a6 6. Be2 e6 7. 0-0 Be7 8. f4 0-0 9. Be3 Nbd7 10. Bf3 Qc7 11. Qe1 Nb6 12. Nb3 Nc4 13. Rb1 Nxe3 14. Qxe3 Rb8 15. Rbe1 b5 16. Qd2 Bb7 17. e5 dxe5 18. Bxb7 Rxb7 19. Rxe5 Rd8 20. Qc1 Qb6+ 21. Kh1 Ng4 22. Re2 Rbd7 23. h3 Nf6 24. Ree1 Bb4 25. Qe3 Qc7 26. Rf3 Qc4 27. a3 Bf8 28. Qe2 Qc7 29. Qf2 Nd5 30. Nxd5 Rxd5 31. c3 a5 32. Qf1 b4 33. axb4 axb4 34. Rc1 g6 35. cxb4 Qxc1 36. Qxc1 Rd1+ 37. Rf1 Rxc1 38. Rxc1 Bxb4 39. Nc5 Rd2 40. b3 Kg7 41. Na6 Bd6 42. g3 Rd3 43. Kg2 Rxb3 44. Nc5 Ra3 45. Ne4 Bb4 46. Rb1 Bf8 47. Rb8 Re3 48. Ng5 h6 49. Nf3 Re2+ 50. Kf1 Ra2 51. Rc8 Bd6 52. Rc6 Bb8 53. Rc3 Ba7 54. h4 Rf2+ 55. Ke1 Rg2 56. Ne5 Bb6 57. Kf1 Rf2+ 58. Ke1 Ba5 59. Kxf2 Bxc3 60. Nd7 Bd4+ 61. Kf3 f6 62. Nb8 Kf7 63. Nc6 Bc5 64. g4 Ke8 65. f5 gxf5 66. gxf5 Kd7 67. Na5 exf5 68. Kf4 Ke6 69. Nc4 Bf2 70. h5 Bd4 71. Kf3 Be5 72. Ne3 Bb8 73. Nc4 f4 74. Kg4 Kd5 75. Nd2 Ke5 76. Nf3+ Ke4 77. Nd2+ Ke3 78. Nc4+ Ke2 79. Nb6 f3 80. Nd5 f2 81. Nc3+ Kd3 82. Nd5 f1Q 0-1

[Event "Bialystok qual-B"]
[Site "Bialystok"]
[Date "2011.05.??"]
[Round "8"]
[White "Kozaczynska, Aleksandra"]
[Black "Gorbacz, Filip"]
[Result "0-1"]
[WhiteElo "1501"]
[BlackElo "1668"]
[PlyCount "70"]
[EventDate "2011.05.??"]
[EventType "swiss"]
[EventRounds "9"]
[EventCountry "POL"]
[SourceTitle "EXT 2014"]
[Source "ChessBase"]
[SourceDate "2013.11.20"]
[SourceVersion "1"]
[SourceVersionDate "2013.11.20"]
[SourceQuality "1"]

1. e4 c5 2. Nf3 d6 3. d4 cxd4 4. Nxd4 Nf6 5. Nc3 a6 6. Be2 e6 7. 0-0 Be7 8. f4 Nbd7 9. Nb3 0-0 10. Bd3 b5 11. a3 Bb7 12. Qe1 Qc7 13. Bd2 Nc5 14. Nxc5 dxc5 15. e5 Nd5 16. Be4 Rad8 17. Bf3 Rd7 18. Qe2 Rfd8 19. Rad1 Nb6 20. Bxb7 Qxb7 21. Bc1 Nd5 22. Bd2 Nxc3 23. Bxc3 b4 24. axb4 cxb4 25. Bd2 Bc5+ 26. Kh1 Qb5 27. Rfe1 Qxe2 28. Rxe2 Be3 29. Rxe3 Rxd2 30. Rxd2 Rxd2 31. Rd3 Rxd3 32. cxd3 a5 33. Kg1 a4 34. Kf2 a3 35. bxa3 bxa3 0-1

[Event "Bialystok qual-B"]
[Site "Bialystok"]
[Date "2011.05.??"]
[Round "2"]
[White "Szostko, Jakub"]
[Black "Gorbacz, Filip"]
[Result "1/2-1/2"]
[WhiteElo "1660"]
[BlackElo "1668"]
[PlyCount "145"]
[EventDate "2011.05.??"]
[EventType "swiss"]
[EventRounds "9"]
[EventCountry "POL"]
[SourceTitle "EXT 2014"]
[Source "ChessBase"]
[SourceDate "2013.11.20"]
[SourceVersion "1"]
[SourceVersionDate "2013.11.20"]
[SourceQuality "1"]

1. e4 c5 2. Nf3 d6 3. d4 cxd4 4. Nxd4 Nf6 5. Nc3 a6 6. Bd3 e6 7. 0-0 Be7 8. f4 b5 9. a3 Bb7 10. Kh1 Nbd7 11. Qe1 Nc5 12. Nf3 0-0 13. Bd2 Rc8 14. Rd1 Nxd3 15. cxd3 Nd7 16. Be3 Bf6 17. Bd4 Bxd4 18. Nxd4 Qb6 19. Nf3 a5 20. Nh4 b4 21. axb4 Qxb4 22. Rd2 Nc5 23. f5 f6 24. fxe6 Nxe6 25. Nf5 Rc7 26. Qg3 Rd8 27. Rdf2 Kh8 28. Ne3 Qb3 29. Nc4 Qb4 30. Rf5 Nc5 31. Nxd6 Rcd7 32. Nxb7 Rxb7 33. Rd5 Rxd5 34. Nxd5 Qxb2 35. Qd6 Nd7 36. Qe7 h6 37. Qe8+ Kh7 38. Ne7 Qb3 39. Rc1 Nb6 40. h3 Qe6 41. Qg6+ Kh8 42. Nd5 Nxd5 43. exd5 Qd7 44. Re1 Rb8 45. Qe4 Rd8 46. Rc1 Qxd5 47. Rc8 Qd7 48. Rxd8+ Qxd8 49. Qc4 Qd7 50. d4 a4 51. Qb4 Kh7 52. d5 Kg6 53. Kh2 Kf7 54. Kg3 f5 55. h4 g5 56. hxg5 hxg5 57. Kh2 f4 58. Qe4 Kf8 59. Qb4+ Ke8 60. Qb8+ Kf7 61. Qb4 Qa7 62. Qe4 Qd7 63. Qb4 Kg6 64. Qe4+ Kh5 65. Qf3+ Kh6 66. Qa3 g4 67. Qc5 Kg5 68. d6+ Kf6 69. Qc7 Ke6 70. Qc4+ Kxd6 71. Qxf4+ Kc5 72. Qc1+ Kb6 73. Qe3+ 1/2-1/2

[Event "POL-ch U20"]
[Site "Bialystok"]
[Date "2011.01.24"]
[Round "4.3"]
[White "Daciuk, Jaroslaw"]
[Black "Gorbacz, Filip"]
[Result "1/2-1/2"]
[WhiteElo "1571"]
[BlackElo "1632"]
[PlyCount "87"]
[EventDate "2011.01.24"]
[EventType "swiss"]
[EventRounds "9"]
[EventCountry "POL"]
[SourceTitle "EXT 2023"]
[Source "ChessBase"]
[SourceDate "2022.10.05"]
[SourceVersion "1"]
[SourceVersionDate "2022.10.05"]
[SourceQuality "1"]

1. c4 e5 2. Nc3 Nf6 3. Nf3 Nc6 4. g3 d5 5. cxd5 Nxd5 6. Bg2 Be6 7. 0-0 Be7 8. d4 Nxc3 9. bxc3 e4 10. Nd2 f5 11. f3 exf3 12. exf3 0-0 13. Bb2 f4 14. Re1 Bf7 15. Ne4 fxg3 16. hxg3 Na5 17. Bc1 Nc4 18. a4 Nd6 19. Nc5 Re8 20. Ne6 Bxe6 21. Rxe6 Bf6 22. Qb3 Rxe6 23. Qxe6+ Kh8 24. f4 Qe7 25. Qxe7 Bxe7 26. Ba3 Rb8 27. Re1 Bf8 28. Bd5 g6 29. Kg2 Kg7 30. g4 c6 31. Ba2 h6 32. Kf3 Re8 33. Re6 Rxe6 34. Bxe6 Kf6 35. Bb3 Be7 36. Bc2 a5 37. Bd3 Nc8 38. Bxe7+ Nxe7 39. c4 b6 40. Be4 c5 41. d5 Nc8 42. Ke3 Nd6 43. Kd3 g5 44. f5 1/2-1/2

[Event "Bialystok Zamenhof Memorial-B"]
[Site "Bialystok"]
[Date "2010.12.??"]
[Round "2"]
[White "Gorbacz, Filip"]
[Black "Filewicz, Przemyslaw"]
[Result "1-0"]
[WhiteElo "1605"]
[BlackElo "1583"]
[PlyCount "57"]
[EventDate "2010.12.27"]
[EventType "swiss"]
[EventRounds "9"]
[EventCountry "POL"]
[SourceTitle "EXT 2014"]
[Source "ChessBase"]
[SourceDate "2013.11.20"]
[SourceVersion "1"]
[SourceVersionDate "2013.11.20"]
[SourceQuality "1"]

1. e4 c5 2. Nf3 Nc6 3. d4 cxd4 4. Nxd4 g6 5. c4 Bg7 6. Be3 d6 7. Nc3 Qb6 8. Nd5 Qd8 9. Nb5 Rb8 10. Qd2 a6 11. Bb6 Qd7 12. Nbc7+ Kf8 13. Be2 e6 14. Nc3 Nf6 15. Rd1 Ke7 16. f4 Ne8 17. Nxe8 Rxe8 18. 0-0 f6 19. Rf3 Nd8 20. Rd3 Nf7 21. c5 Qc6 22. cxd6+ Kd7 23. Na4 Qxa4 24. Rc1 Rh8 25. Rc7+ Ke8 26. d7+ Bxd7 27. Rdxd7 Nd8 28. Rxg7 e5 29. Qd6 1-0

[Event "Bialystok Zamenhof Memorial-B"]
[Site "Bialystok"]
[Date "2010.12.??"]
[Round "5"]
[White "Murawko, Katarzyna"]
[Black "Gorbacz, Filip"]
[Result "1-0"]
[WhiteElo "1767"]
[BlackElo "1605"]
[PlyCount "59"]
[EventDate "2010.12.27"]
[EventType "swiss"]
[EventRounds "9"]
[EventCountry "POL"]
[SourceTitle "EXT 2014"]
[Source "ChessBase"]
[SourceDate "2013.11.20"]
[SourceVersion "1"]
[SourceVersionDate "2013.11.20"]
[SourceQuality "1"]

1. e4 c5 2. Nf3 d6 3. d4 cxd4 4. Nxd4 Nf6 5. Nc3 a6 6. f3 e6 7. Be3 b5 8. Qd2 Nbd7 9. 0-0-0 Bb7 10. g4 Nb6 11. h4 Rc8 12. h5 Nfd7 13. g5 Ne5 14. Qe1 Be7 15. Rg1 g6 16. f4 Nec4 17. Bxc4 Nxc4 18. f5 Qb6 19. Bf2 Qa5 20. Nb3 Qc7 21. f6 Bd8 22. a3 Nxa3 23. hxg6 fxg6 24. bxa3 Kf7 25. Rd3 Qd7 26. Qd2 Bc7 27. Bg3 Rhd8 28. Rh1 Kg8 29. Nc5 Qc6 30. Nxe6 1-0

[Event "POL-ch qual U15"]
[Site "Lublin"]
[Date "2010.09.23"]
[Round "4.2"]
[White "Gorbacz, Filip"]
[Black "Zochowski, Kacper"]
[Result "0-1"]
[WhiteElo "1605"]
[BlackElo "1903"]
[PlyCount "90"]
[EventDate "2010.09.22"]
[EventType "swiss"]
[EventRounds "9"]
[EventCountry "POL"]
[SourceTitle "EXT 2023"]
[Source "ChessBase"]
[SourceDate "2022.10.05"]
[SourceVersion "1"]
[SourceVersionDate "2022.10.05"]
[SourceQuality "1"]

1. e4 c5 2. Nf3 d6 3. d4 cxd4 4. Nxd4 Nf6 5. Nc3 a6 6. Bd3 e6 7. f4 b5 8. 0-0 b4 9. Nce2 Nbd7 10. h3 Bb7 11. Ng3 Qc7 12. Nf3 Nc5 13. Qe1 Be7 14. Bd2 d5 15. e5 Nfe4 16. Bxe4 Nxe4 17. Nxe4 dxe4 18. Nd4 Rd8 19. Be3 0-0 20. Qf2 Rd5 21. Rfd1 Rfd8 22. Rd2 a5 23. Rad1 Ba8 24. Kh2 Bf8 25. Nb3 Rb8 26. Nc1 Rxd2 27. Rxd2 Bd5 28. Bd4 Qc6 29. Qe3 Rc8 30. g4 Qa4 31. b3 Qd7 32. Ne2 Rc6 33. Ng3 Qc7 34. Qe2 e3 35. Bxe3 a4 36. Bd4 axb3 37. axb3 Be7 38. Ne4 Qc8 39. Nf2 Rc7 40. Nd3 Ba8 41. Nb2 Qb7 42. Qe1 Qf3 43. Rf2 Qb7 44. Nc4 Bh4 45. Qe2 Qh1# 0-1

[Event "POL-ch qual U15"]
[Site "Lublin"]
[Date "2010.09.22"]
[Round "1.2"]
[White "Gorbacz, Filip"]
[Black "Gora, Jan"]
[Result "0-1"]
[WhiteElo "1605"]
[BlackElo "1907"]
[PlyCount "88"]
[EventDate "2010.09.22"]
[EventType "swiss"]
[EventRounds "9"]
[EventCountry "POL"]
[SourceTitle "EXT 2023"]
[Source "ChessBase"]
[SourceDate "2022.10.05"]
[SourceVersion "1"]
[SourceVersionDate "2022.10.05"]
[SourceQuality "1"]

1. e4 c5 2. Nf3 g6 3. d4 cxd4 4. Nxd4 Bg7 5. Nc3 Nc6 6. Be3 Nf6 7. Be2 0-0 8. Qd2 d5 9. exd5 Nxd5 10. Nxd5 Qxd5 11. Bf3 Qd7 12. Nxc6 bxc6 13. Qxd7 Bxd7 14. 0-0-0 Bf5 15. h4 Rab8 16. Bd4 c5 17. Bxg7 Kxg7 18. Rhe1 Rfe8 19. Re5 Rbc8 20. Rde1 Rc7 21. g4 f6 22. R5e3 Bc8 23. Bd1 e5 24. f4 Rce7 25. c3 Kf8 26. Ba4 exf4 27. Rxe7 Rxe7 28. Rxe7 Kxe7 29. Bd1 g5 30. hxg5 fxg5 31. Bf3 Kf6 32. b4 cxb4 33. cxb4 h5 34. gxh5 g4 35. Be4 Kg5 36. Kd2 Kxh5 37. a4 Kh4 38. b5 Kg3 39. a5 f3 40. a6 f2 41. Ke2 Be6 42. Bd3 Bd5 43. Ke3 Kg2 44. Kd4 Bf3 0-1

[Event "POL-chT U19 1st League"]
[Site "Suchedniow"]
[Date "2010.07.07"]
[Round "2"]
[White "Gorbacz, Filip"]
[Black "Drop, Szymon"]
[Result "1-0"]
[WhiteElo "1549"]
[BlackElo "1629"]
[PlyCount "83"]
[EventDate "2010.07.06"]
[EventType "team-tourn"]
[EventRounds "9"]
[EventCountry "POL"]
[SourceTitle "EXT 2019"]
[Source "ChessBase"]
[SourceDate "2018.10.10"]
[SourceVersion "1"]
[SourceVersionDate "2018.10.10"]
[SourceQuality "1"]
[WhiteTeam "Bialystok MUKS Stoczek 45 U19"]
[BlackTeam "Chrzanow UKS SP 8 U19"]
[WhiteTeamCountry "POL"]
[BlackTeamCountry "POL"]

1. e4 e5 2. Nf3 Nc6 3. d4 exd4 4. Bc4 Nf6 5. 0-0 Nxe4 6. Re1 d5 7. Bb5 Bc5 8. Ne5 0-0 9. Nxc6 bxc6 10. Bxc6 Rb8 11. f3 d3+ 12. Be3 Bxe3+ 13. Rxe3 dxc2 14. Qxc2 Nf6 15. Nd2 Bd7 16. Nb3 Bxc6 17. Qxc6 Rb6 18. Qc3 Rd6 19. Qc5 a6 20. Rc1 Rd7 21. Nd4 Qb8 22. b4 Qb6 23. Qc3 h6 24. a4 Re8 25. Rxe8+ Nxe8 26. a5 Qb7 27. Qc6 Qc8 28. h3 Rd8 29. Qc2 Qb7 30. Qc5 Kh8 31. Re1 Nf6 32. Re7 Rd7 33. Re2 Kg8 34. Nf5 Qb5 35. Qxb5 axb5 36. Nd4 c6 37. Nxc6 Rc7 38. Rc2 Kf8 39. a6 Nd7 40. a7 Nb6 41. Rc5 Ke8 42. Rxb5 1-0

[Event "Bialystok Bieluczyk Memorial-C 2nd"]
[Site "Bialystok"]
[Date "2010.06.29"]
[Round "5"]
[White "Gorbacz, Filip"]
[Black "Daciuk, Jaroslaw"]
[Result "1-0"]
[WhiteElo "1517"]
[BlackElo "1552"]
[PlyCount "89"]
[EventDate "2010.06.26"]
[EventType "swiss"]
[EventRounds "9"]
[EventCountry "POL"]
[SourceTitle "EXT 2012"]
[Source "ChessBase"]
[SourceDate "2011.11.24"]
[SourceVersion "1"]
[SourceVersionDate "2011.11.24"]
[SourceQuality "1"]

1. e4 d6 2. d4 Nf6 3. Bd3 g6 4. Ne2 Bg7 5. 0-0 0-0 6. Nd2 c5 7. c3 Nc6 8. Nb3 b6 9. f4 cxd4 10. Nbxd4 Nxd4 11. Nxd4 Bb7 12. Qe1 Nd7 13. Nb3 Rc8 14. Bd2 Rc7 15. Qh4 Bf6 16. Qh6 Qa8 17. Rae1 Rd8 18. Rf3 Nf8 19. g4 Bg7 20. Qh4 f5 21. gxf5 gxf5 22. Rfe3 fxe4 23. Bxe4 Bxe4 24. Rxe4 Ng6 25. Qf2 e5 26. fxe5 Bxe5 27. Nd4 Rf7 28. Qg2 Qd5 29. b3 Kh8 30. Kh1 Rdf8 31. Be3 Nh4 32. Rxh4 Rf1+ 33. Rxf1 Rxf1+ 34. Bg1 Qf7 35. Rg4 h6 36. Qa8+ Kh7 37. Qe4+ Kh8 38. Ne2 a5 39. Rg6 Bg7 40. Rxd6 Re1 41. Qg2 Qe7 42. Rg6 Qxe2 43. Rxg7 Rxg1+ 44. Qxg1 Qe4+ 45. Rg2 1-0

[Event "Bialystok Spring op-B"]
[Site "Bialystok"]
[Date "2010.05.08"]
[Round "7"]
[White "Gorbacz, Filip"]
[Black "Daciuk, Jaroslaw"]
[Result "0-1"]
[WhiteElo "1517"]
[BlackElo "1552"]
[PlyCount "130"]
[EventDate "2010.05.01"]
[EventType "swiss"]
[EventRounds "9"]
[EventCountry "POL"]
[SourceTitle "EXT 2012"]
[Source "ChessBase"]
[SourceDate "2011.11.24"]
[SourceVersion "1"]
[SourceVersionDate "2011.11.24"]
[SourceQuality "1"]

1. e4 c5 2. Nf3 e6 3. d4 cxd4 4. Nxd4 Nc6 5. Nc3 Qc7 6. Be2 a6 7. 0-0 Nf6 8. a3 Be7 9. Nb3 d6 10. Kh1 b5 11. f4 Bb7 12. Bd3 h5 13. Be3 0-0-0 14. Qe2 Rdg8 15. Rad1 Ng4 16. Bg1 g5 17. f5 Nge5 18. Nd4 Nxd4 19. Bxd4 g4 20. a4 b4 21. Na2 a5 22. c3 b3 23. Bxe5 dxe5 24. Nc1 exf5 25. Rxf5 f6 26. Bb5 Rd8 27. Rff1 Rxd1 28. Rxd1 Rd8 29. Rf1 Qd6 30. Nxb3 Qb6 31. Nd2 Rf8 32. Nc4 Qc7 33. b4 axb4 34. cxb4 Bxb4 35. Rc1 Kb8 36. Rb1 Qe7 37. Qb2 Rd8 38. Kg1 Qc5+ 39. Kf1 Bxe4 40. Nxe5 Qxe5 41. Qxe5+ fxe5 42. Rxb4 Rd4 43. Rxd4 exd4 44. Kf2 Kc7 45. Be2 Kb6 46. Bd1 Kc5 47. g3 Kb4 48. a5 Kxa5 49. Bb3 Bg6 50. Kg2 Kb4 51. Bd1 Be4+ 52. Kf2 Kc3 53. Ba4 d3 54. Ke3 Bf3 55. Kf4 d2 56. h4 Bd5 57. Bd1 Kb2 58. Kg5 Bf7 59. Kf6 Kc1 60. Ba4 Be8 61. Bb3 d1Q 62. Bxd1 Kxd1 63. Ke7 Ba4 64. Kf6 Ke2 65. Kg5 Be8 0-1

[Event "Bialystok Spring op-B"]
[Site "Bialystok"]
[Date "2010.05.08"]
[Round "8"]
[White "Gorbacz, Filip"]
[Black "Stasiewicz, Jan"]
[Result "1-0"]
[WhiteElo "1517"]
[BlackElo "1530"]
[PlyCount "101"]
[EventDate "2010.05.01"]
[EventType "swiss"]
[EventRounds "9"]
[EventCountry "POL"]
[SourceTitle "EXT 2012"]
[Source "ChessBase"]
[SourceDate "2011.11.24"]
[SourceVersion "1"]
[SourceVersionDate "2011.11.24"]
[SourceQuality "1"]

1. e4 e5 2. Nf3 Nf6 3. Nc3 Nc6 4. Bc4 Nxe4 5. Bxf7+ Kxf7 6. Nxe4 d6 7. Nfg5+ Ke8 8. d3 Qe7 9. 0-0 Be6 10. f4 exf4 11. Nxe6 Qxe6 12. Ng5 Qg6 13. Rxf4 Be7 14. Re4 Ne5 15. Nf3 Nxf3+ 16. Qxf3 Rf8 17. Qe2 Rf7 18. Bd2 Kf8 19. Re1 Re8 20. h4 h6 21. c3 d5 22. Re5 c6 23. Kh1 Qg3 24. Qh5 Rf2 25. Rf5+ Rxf5 26. Qxf5+ Bf6 27. Rxe8+ Kxe8 28. Qc8+ Bd8 29. Qxb7 Qxh4+ 30. Kg1 Bb6+ 31. d4 Bxd4+ 32. cxd4 Qxd4+ 33. Kf1 Qxd2 34. Qxc6+ Kf7 35. Qb7+ Kg6 36. Qxa7 Qc1+ 37. Kf2 Qxb2+ 38. Kg3 Qe5+ 39. Kh3 Qf5+ 40. Kh2 Qe5+ 41. Kh1 d4 42. Qb6+ Kh5 43. a4 d3 44. Qf2 Qa1+ 45. Kh2 Qxa4 46. Qf5+ g5 47. Qf7+ Kh4 48. Qf2+ Kh5 49. Qf7+ Kh4 50. Qf3 Qg4 51. g3+ 1-0

[Event "Augustow qual zone MPJ+OOM U13"]
[Site "Augustow"]
[Date "2009.10.10"]
[Round "9.4"]
[White "Gorbacz, Filip"]
[Black "Barmuta, Bartosz"]
[Result "1/2-1/2"]
[WhiteElo "1504"]
[BlackElo "1519"]
[PlyCount "154"]
[EventDate "2009.10.04"]
[EventType "swiss"]
[EventRounds "9"]
[EventCountry "POL"]
[SourceTitle "EXT 2023"]
[Source "ChessBase"]
[SourceDate "2022.10.05"]
[SourceVersion "1"]
[SourceVersionDate "2022.10.05"]
[SourceQuality "1"]

1. e4 c5 2. Nf3 e6 3. d4 cxd4 4. Nxd4 a6 5. Bd3 Nc6 6. Nxc6 bxc6 7. 0-0 Qc7 8. Kh1 d5 9. Nc3 Bb4 10. Ne2 Nf6 11. Ng3 0-0 12. f4 Bb7 13. e5 Nd7 14. Qh5 h6 15. a3 Be7 16. Qg4 Kh8 17. Rf3 c5 18. Nh5 Rg8 19. Rh3 Bf8 20. c3 d4 21. Bd2 c4 22. Be2 d3 23. Bf3 Nc5 24. Rg3 Nd7 25. Re1 Rb8 26. Nf6 Nxf6 27. exf6 Bxf3 28. gxf3 Qd8 29. f5 exf5 30. Qxc4 Qxf6 31. Qxd3 Rxb2 32. c4 Qd6 33. Qxd6 Bxd6 34. Rg2 Bxa3 35. Re5 Rb1+ 36. Rg1 Rxg1+ 37. Kxg1 f6 38. Ra5 Be7 39. Rxa6 Rc8 40. Ra4 Kg8 41. Kf2 Kf7 42. Ke3 Bd6 43. h3 g5 44. Kd4 Be5+ 45. Kd3 Kg6 46. Be3 Rd8+ 47. Kc2 Bd4 48. Bd2 h5 49. Kd3 Bc5+ 50. Ke2 g4 51. fxg4 fxg4 52. hxg4 hxg4 53. Be1 f5 54. Ra5 Rc8 55. Bd2 Kh5 56. Bf4 Kg6 57. Ra6+ Kf7 58. Bg5 Bd4 59. Kd3 Bb2 60. Rb6 Bh8 61. Bf4 Rd8+ 62. Ke2 Rd4 63. Rb7+ Ke6 64. Rb6+ Kd7 65. Rb7+ Ke6 66. Rb6+ Ke7 67. Bg5+ Kd7 68. Rb7+ Kc6 69. Rf7 Re4+ 70. Kf1 Re5 71. Bf4 Ra5 72. Rc7+ Kb6 73. Rc8 Bd4 74. Rb8+ Ka7 75. Rd8 Bb6 76. Rd7+ Ka8 77. Rf7 Rc5 1/2-1/2

[Event "Augustow qual zone MPJ+OOM U13"]
[Site "Augustow"]
[Date "2009.10.05"]
[Round "3.3"]
[White "Gorbacz, Filip"]
[Black "Siedlanowski, Lukasz"]
[Result "0-1"]
[WhiteElo "1504"]
[BlackElo "1687"]
[PlyCount "122"]
[EventDate "2009.10.04"]
[EventType "swiss"]
[EventRounds "9"]
[EventCountry "POL"]
[SourceTitle "EXT 2023"]
[Source "ChessBase"]
[SourceDate "2022.10.05"]
[SourceVersion "1"]
[SourceVersionDate "2022.10.05"]
[SourceQuality "1"]

1. e4 c6 2. d4 d5 3. Nc3 dxe4 4. Nxe4 Bf5 5. Ng3 Bg6 6. Nf3 Nd7 7. h4 h6 8. Bd3 Bxd3 9. Qxd3 Qc7 10. Be3 Ngf6 11. c4 e6 12. 0-0-0 0-0-0 13. Qb3 Bd6 14. Ne2 c5 15. d5 exd5 16. cxd5 Nb6 17. Nc3 a6 18. Kb1 Nbd7 19. Rhe1 Rhe8 20. Ka1 b6 21. Qa4 Kb7 22. Nd2 b5 23. Qb3 c4 24. Qc2 Ne5 25. Nde4 Nd3 26. Nxd6+ Rxd6 27. Re2 Nxd5 28. Nxd5 Rxd5 29. Qc3 Qe5 30. Qxe5 Rexe5 31. Red2 Re7 32. b3 Red7 33. bxc4 bxc4 34. Rc2 Rc7 35. Rb1+ Rb5 36. Bd4 g6 37. a4 Rxb1+ 38. Kxb1 Kc8 39. Bb6 Rc6 40. a5 c3 41. Bd4 Ne1 42. Rxc3 Rxc3 43. Bxc3 Nxg2 44. Bd2 h5 45. Bg5 Kd7 46. Kc2 Ke6 47. Bd8 f6 48. Kd3 Nxh4 49. Kc4 Kd6 50. Bxf6 Nf3 51. Bc3 h4 52. Bb4+ Kc6 53. Kd3 h3 54. Ke2 h2 55. Kxf3 h1Q+ 56. Kg3 Qe4 57. Bd2 Kd5 58. Be3 Ke6 59. Bb6 Kf5 60. f3 Qe1+ 61. Kh3 Kf4 0-1

[Event "Augustow qual zone MPJ+OOM U13"]
[Site "Augustow"]
[Date "2009.10.05"]
[Round "2.2"]
[White "Zochowski, Kacper"]
[Black "Gorbacz, Filip"]
[Result "1-0"]
[WhiteElo "1808"]
[BlackElo "1504"]
[PlyCount "59"]
[EventDate "2009.10.04"]
[EventType "swiss"]
[EventRounds "9"]
[EventCountry "POL"]
[SourceTitle "EXT 2023"]
[Source "ChessBase"]
[SourceDate "2022.10.05"]
[SourceVersion "1"]
[SourceVersionDate "2022.10.05"]
[SourceQuality "1"]

1. e4 e5 2. Nf3 Nc6 3. Bb5 a6 4. Ba4 Nf6 5. Qe2 b5 6. Bb3 Be7 7. c3 0-0 8. 0-0 d6 9. Rd1 Bg4 10. h3 Be6 11. Bc2 Rb8 12. d3 Nd7 13. d4 exd4 14. cxd4 d5 15. Nc3 Nb6 16. Qe1 Nb4 17. Bb1 Nc6 18. e5 Nc4 19. b3 Nb6 20. Qe3 Bb4 21. Ne2 Re8 22. Ng5 h6 23. Nxe6 Rxe6 24. Qd3 g6 25. Nf4 Re8 26. Nxg6 f6 27. a3 Bf8 28. Nxf8 Kxf8 29. Bxh6+ Ke7 30. Qh7+ 1-0

[Event "Augustow op"]
[Site "Augustow"]
[Date "2009.06.26"]
[Round "8.7"]
[White "Ostrowski, Michal"]
[Black "Gorbacz, Filip"]
[Result "0-1"]
[WhiteElo "1427"]
[BlackElo "1491"]
[PlyCount "110"]
[EventDate "2009.06.20"]
[EventType "swiss"]
[EventRounds "9"]
[EventCountry "POL"]
[SourceTitle "CBM 131 Extra"]
[Source "ChessBase"]
[SourceDate "2009.09.03"]
[SourceVersion "2"]
[SourceVersionDate "2009.09.16"]
[SourceQuality "1"]

1. Nc3 e5 2. d4 exd4 3. Qxd4 Nc6 4. Qa4 Bb4 5. Nf3 Nge7 6. Bd2 0-0 7. e3 d6 8. a3 Ba5 9. Bd3 Bf5 10. Qh4 Bxd3 11. cxd3 Ng6 12. Qh3 Nce5 13. 0-0 Nxd3 14. b4 Bb6 15. Nd5 Nde5 16. e4 Nxf3+ 17. Qxf3 Qd7 18. Qf5 Qxf5 19. exf5 Ne5 20. f6 Rfe8 21. fxg7 Kxg7 22. Rab1 c6 23. Ne3 Bxe3 24. Bxe3 Nc4 25. Rb3 Rxe3 26. Rxe3 Nxe3 27. fxe3 a5 28. Rb1 b5 29. Kf2 axb4 30. axb4 Rb8 31. Ke2 c5 32. bxc5 dxc5 33. h3 Kf6 34. g3 Ke5 35. Rd1 Rb7 36. g4 c4 37. Rd4 Rc7 38. Kd2 c3+ 39. Kc2 Rc4 40. Rxc4 bxc4 41. Kxc3 Ke4 42. Kxc4 Kxe3 43. Kd5 Kf4 44. Kd4 f6 45. Kd3 h6 46. Ke2 Kg3 47. Ke3 Kxh3 48. Kf4 Kh4 49. Kf5 Kg3 50. Kxf6 Kxg4 51. Ke5 h5 52. Ke4 h4 53. Ke3 Kg3 54. Ke2 h3 55. Kf1 h2 0-1